[Event "45th Olympiad 2024"]
[Site "Budapest HUN"]
[Date "2024.09.14"]
[Round "4.64"]
[Board "4"]
[White "Abdul Rahman, Ali"]
[Black "Savva, Panikos"]
[Result "0-1"]
[WhiteElo "1844"]
[BlackElo "1973"]
[PlyCount "112"]
[EventDate "2024.09.11"]
[WhiteTeam "Maldives"]
[BlackTeam "Cyprus"]
[WhiteTeamCountry "MDV"]
[BlackTeamCountry "CYP"]

1. d4 Nf6 2. e3 g6 3. Bd3 Bg7 4. c3 O-O 5. f4 d6 6. Nf3 c5 7. O-O Nc6 8. Bb5 ({RR} 8. Qe2 e5 9. dxe5 dxe5 10. e4 Nh5 11. f5 Nf4 12. Bxf4 exf4 13. Na3 Re8 14. Qc2 a6 15. Rad1 Qc7 16. Qf2 Ne7 17. Qh4 gxf5 18. Bc4 h6 19. Qh5 Be6 20. Bxe6 fxe6 21. Nc4 Rad8 22. Rd6 fxe4 {0-1 Krapivin,A (2478)-Romanov,E (2501) RUS-ch U20 St Petersburg 2007 (2)}) 8... Qb6 9. Qe2 $146 ({RR} 9. Na3 a6 10. Be2 Bg4 11. d5 Na7 12. h3 Bd7 13. c4 Qc7 14. Bd2 Ne4 15. Qc1 Qb6 16. Rb1 Ng3 17. Bd3 Nxf1 18. Qxf1 e6 19. g4 exd5 20. f5 Qd8 21. cxd5 b5 22. b3 gxf5 23. gxf5 Bh6 {0-1 Weiss,S (2048)-Foerster,A (2232) Hamburg-ch int 11th 2008 (5)}) ({RR} 9. Bxc6 bxc6 10. dxc5 Qxc5 11. Qd4 Qh5 12. h3 a5 13. Rf2 Rd8 14. Ng5 c5 15. Qc4 e6 16. Re2 Qh4 17. Nd2 h6 18. Nge4 Ba6 19. Qb3 Nxe4 20. Nxe4 Qe7 21. Qd1 d5 22. Ng3 d4 23. cxd4 cxd4 {0-1 Da Cunha,M (1291)-Jorge,D (1891) Timbo op 2021 (1)}) ({RR} 9. Ba4 Bf5 10. Qe2 Rac8 11. Nbd2 d5 12. Kh1 c4 13. Ne1 Qa6 14. Bd1 b5 15. Bc2 b4 16. e4 dxe4 17. Bxe4 Nxe4 18. Nxe4 bxc3 19. bxc3 Nxd4 20. cxd4 Bxd4 21. Nc2 Bxa1 22. Nxa1 Qe6 23. Re1 Rfd8 {0-1 Abdul Rahman,A (1936)-Al Modiahki,M (2562) Asia-chT 16th 2010 (1)}) ({RR} 9. Na3 a6 10. Be2 Qc7 11. Bd2 b5 12. Be1 Bb7 13. c4 b4 14. Nc2 Rae8 15. Ng5 e6 16. Rc1 a5 17. a4 h6 18. Nf3 Nb8 19. Nd2 Nbd7 20. Bf3 d5 21. b3 Ba6 22. Be2 Qb6 23. Bf2 Rd8 {0-1 Nielsen,P-Jakobsen,P DEN-chT 9091 1990 (1)}) 9... a6 10. Ba4 Bf5 11. Nbd2 cxd4 12. exd4 Nd5 13. Nc4 Qc7 14. Bb3 b5 15. Na3 Nb6 16. Nh4 Qd7 17. Nxf5 Qxf5 18. Bc2 Qd7 19. f5 b4 20. Nc4 Nxc4 21. Qxc4 d5 22. Qe2 bxc3 23. bxc3 Qd6 24. Rb1 e5 25. Rb3 Rfc8 26. Ba3 Qc7 27. fxg6 hxg6 28. Qf3 e4 29. Qf2 Na5 30. Rbb1 Nc4 31. Bc1 Qe7 32. Bb3 a5 33. Bxc4 Rxc4 34. Rb5 Qd7 35. Qb2 Rac8 36. Bd2 e3 37. Rb7 R8c7 38. Rb8+ Rc8 39. Rb7 R4c7 40. Rxc7 Qxc7 41. Bxe3 Qxc3 42. Qf2 Rc7 43. h3 Re7 44. Re1 Bxd4 45. Bxd4 Qxe1+ 46. Qxe1 Rxe1+ 47. Kf2 Re4 48. Bb6 Ra4 49. Kf3 Ra3+ 50. Kf4 Rxa2 51. g4 a4 52. Ke5 Rh2 53. Kxd5 Rxh3 54. g5 a3 55. Kc4 a2 56. Bd4 Rh4 0-1

[Event "45th Olympiad 2024"]
[Site "Budapest HUN"]
[Date "2024.09.14"]
[Round "4.65"]
[Board "1"]
[White "Allam, Mohamed"]
[Black "Khan, Taffin"]
[Result "1-0"]
[WhiteElo "2053"]
[BlackElo "2066"]
[PlyCount "99"]
[EventDate "2024.09.11"]
[WhiteTeam "Palestine"]
[BlackTeam "Guyana"]
[WhiteTeamCountry "PLE"]
[BlackTeamCountry "GUY"]

1. d4 Nf6 2. c4 d6 3. Nc3 Nbd7 4. e4 e5 5. Nf3 Be7 6. Be2 O-O 7. O-O c6 8. b3 Qc7 9. Bb2 ({RR} 9. d5 Rd8 10. Ne1 a6 11. f4 exf4 12. Bxf4 Ne5 13. Nd3 Ng6 14. Bg3 b6 15. dxc6 Qxc6 16. Nd5 Be6 17. N3b4 Qb7 18. Nxe7+ Nxe7 19. Bxd6 Nxe4 20. Bf3 Nf5 21. Qe1 Nfxd6 22. Nd5 Bxd5 23. cxd5 Qxd5 {0-1 Morales Mazzone,L (1382)-Osores,R (1682) Montevideo Trebejos 50 Anniv op 2022 (4)}) 9... Re8 10. Rc1 Bf8 11. Qc2 b6 $146 ({RR} 11... a6 12. Rfe1 g6 13. Bf1 Bh6 14. Rcd1 b5 15. Ba3 exd4 16. Rxd4 b4 17. Bxb4 c5 18. Bxc5 Nxc5 19. Red1 Bb7 20. Nd5 Bxd5 21. exd5 Qb6 22. Rb1 a5 23. Rh4 Bg7 24. Nd4 Re4 25. Rxe4 Ncxe4 26. Qd3 {0-1 Duffau,P (2038)-Coste,T (2200) St Chely d'Aubrac op 5th 2005 (5)}) ({RR} 11... exd4 12. Nxd4 Nc5 13. f3 Ne6 14. Qd2 Nxd4 15. Qxd4 Nd7 16. Kh1 Nc5 17. Qd2 b6 18. b4 Nb7 19. a3 Be6 20. Nd5 Qd8 21. Ne3 f6 22. f4 Qe7 23. Bd3 Kh8 24. Rf3 Rad8 25. Qc2 h6 26. Rff1 {1-0 Van Engen,H (2161)-De Visser,A (1883) Hilversum op-A 2010 (5)}) 12. Rfd1 Bb7 13. d5 Rac8 14. a4 a5 15. Ba3 c5 16. Bd3 Ba6 17. Ne2 g6 18. Rb1 Bg7 19. Bc1 h6 20. h3 Re7 21. Be3 Rf8 22. Kf1 Bc8 23. Qd2 Kh7 24. g4 Ng8 25. Ng3 Nb8 26. Ke2 Na6 27. Rbc1 Nb4 28. Bb1 Bd7 29. Rg1 Qc8 30. Nh4 f6 31. Rg2 Ref7 32. Rcg1 Ne7 33. Ke1 Rh8 34. f4 Kg8 35. f5 g5 36. Nf3 Kf8 37. Rh2 Rg8 38. h4 Ke8 39. hxg5 hxg5 40. Bxg5 Bf8 41. Bxf6 Rxg4 42. Bxe5 Nxf5 43. exf5 dxe5 44. Nxe5 Re7 45. Re2 Rd4 46. Qg5 Rg7 47. Qf6 Re7 48. d6 Nc6 49. dxe7 Nxe7 50. Qf7+ 1-0

[Event "45th Olympiad 2024"]
[Site "Budapest HUN"]
[Date "2024.09.14"]
[Round "4.65"]
[Board "2"]
[White "Drayton, Anthony"]
[Black "Michel Yunis, Christian D."]
[Result "0-1"]
[WhiteElo "1964"]
[BlackElo "2220"]
[PlyCount "166"]
[EventDate "2024.09.11"]
[WhiteTeam "Guyana"]
[BlackTeam "Palestine"]
[WhiteTeamCountry "GUY"]
[BlackTeamCountry "PLE"]

1. d4 d5 2. Bf4 Nf6 3. e3 e6 4. Nf3 c5 5. Nc3 a6 6. a4 Nc6 7. Be2 Bd6 8. Bg3 O-O 9. O-O $146 ({RR} 9. dxc5 Bxc5 10. O-O Bb4 11. Na2 Bd6 12. c4 Bxg3 13. hxg3 e5 14. cxd5 Nxd5 15. Qc2 Be6 16. Rfd1 Qe7 17. Rac1 Rac8 18. Qb1 Rfd8 19. b4 f6 20. b5 axb5 21. axb5 Na5 22. Rxc8 Rxc8 23. Rc1 Rxc1+ {0-1 Sailer,M (2095)-Sahib,S (2290) Titled Tue 27th Feb Early 2024 (2)}) 9... Bxg3 10. hxg3 Qd6 11. Qd2 Rd8 12. a5 Ne4 13. Qd1 Nxc3 14. bxc3 Qc7 15. dxc5 Nxa5 16. Qd4 Nc6 17. Qh4 Qe7 18. Qxe7 Nxe7 19. Rfb1 Rd7 20. c4 Rc7 21. Ra5 Nc6 22. Ra2 dxc4 23. Bxc4 Kf8 24. Bd3 Nb8 25. Ne5 Rxc5 26. Nc4 Nd7 27. Nd6 Rc7 28. Nb5 Rc6 29. Nd4 Rb6 30. Rxb6 Nxb6 31. Rb2 Na4 32. Ra2 Nc5 33. Be2 e5 34. Nb3 Be6 35. Ra3 Rc8 36. Bf3 Nxb3 37. cxb3 Rc1+ 38. Kh2 Rc7 39. g4 f6 40. Kg3 Ke7 41. Be4 Kd6 42. b4 g6 43. f4 Bc4 44. Ra1 b6 45. Rd1+ Ke7 46. Rh1 Kd8 47. f5 g5 48. Rh6 Rf7 49. Kf2 a5 50. bxa5 bxa5 51. Ke1 a4 52. Kd2 a3 53. Kc3 a2 54. Kb2 Ra7 55. Ka1 Rd7 56. Rh1 Rd2 57. Bf3 Bb3 58. Rxh7 Rf2 59. Rh1 Kc7 60. Rc1+ Kb6 61. Bc6 Ka5 62. Bd7 Rxg2 63. Be6 Kb4 64. e4 Rxg4 65. Bd5 Rf4 66. Kb2 Rf2+ 67. Ka1 Bc2 68. Bxa2 Re2 69. Bd5 g4 70. Rg1 Kc3 71. Rxg4 Re1+ 72. Ka2 Bb1+ 73. Ka3 Bd3 74. Ka2 Kd4 75. Rg6 Bxe4 76. Bxe4 Kxe4 77. Rxf6 Rf1 78. Kb2 Rxf5 79. Ra6 Rf8 80. Kc2 Ke3 81. Ra3+ Ke2 82. Rc3 e4 83. Rc7 e3 0-1

[Event "45th Olympiad 2024"]
[Site "Budapest HUN"]
[Date "2024.09.14"]
[Round "4.65"]
[Board "3"]
[White "Abdel Wahab, Ahmad"]
[Black "Sandiford, Keron"]
[Result "1-0"]
[WhiteElo "1995"]
[BlackElo "1755"]
[PlyCount "97"]
[EventDate "2024.09.11"]
[WhiteTeam "Palestine"]
[BlackTeam "Guyana"]
[WhiteTeamCountry "PLE"]
[BlackTeamCountry "GUY"]

1. d4 Nf6 2. c4 e6 3. Nc3 Bb4 4. e3 O-O 5. Bd3 c5 6. Nge2 cxd4 7. exd4 d5 8. cxd5 exd5 9. O-O h6 ({RR} 9... Nc6 10. Bg5 Be7 11. Nf4 h6 12. Bxf6 Bxf6 13. Nfxd5 Bxd4 14. Qf3 Bxc3 15. bxc3 Ne5 16. Qe4 Nxd3 17. Qxd3 Be6 18. c4 b5 19. Rad1 bxc4 20. Qxc4 Qa5 21. a4 Rfd8 22. Ne7+ Kf8 23. Ng6+ Kg8 24. Ne7+ {1-0 Wu,D (2278)-Sitbon,I (2179) Titled Tue 27th Aug Late 2024 (7)}) 10. a3 Ba5 11. b4 $146 ({RR} 11. h3 Nc6 12. Bf4 Re8 13. Rc1 a6 14. Bb1 Bc7 15. Qd2 Bxf4 16. Qxf4 Be6 17. Rfe1 Qa5 18. Ng3 Qb6 19. Rcd1 Qxb2 20. Na4 Qxa3 21. Nc5 Qb4 22. Re3 Na5 23. Rde1 Nc4 24. R3e2 Bd7 25. Nxd7 Qxe1+ {0-1 Kazhgaleyev,M (2569)-Iturrizaga Bonelli,E (2629) Chess24 Banter Blitz Cup 2019 (1.5)}) 11... Bb6 12. Na4 Bc7 13. Qc2 Bd6 14. h3 b6 15. Be3 Ba6 16. b5 Bc8 17. Rfc1 Be6 18. Qb2 Qe7 19. Bf4 Rc8 20. Rxc8+ Bxc8 21. Rc1 Be6 22. Bxd6 Qxd6 23. Nac3 Nbd7 24. Na2 Nf8 25. Rc6 Qd8 26. Qc2 Rc8 27. Nb4 Rxc6 28. bxc6 Ne8 29. f4 Bc8 30. Qa2 a5 31. Qxd5 Ne6 32. Qxd8 Nxd8 33. Nd5 Be6 34. c7 Nc6 35. f5 Bc8 36. Nxb6 Na7 37. Nxc8 Nxc8 38. Ba6 Ned6 39. Bxc8 Nxc8 40. Nc3 Kf8 41. Nb5 Ke7 42. d5 Kd7 43. d6 a4 44. Kf2 Kc6 45. Ke3 g6 46. Ke4 Kd7 47. fxg6 fxg6 48. Kd5 Nb6+ 49. Kc5 1-0

[Event "45th Olympiad 2024"]
[Site "Budapest HUN"]
[Date "2024.09.14"]
[Round "4.65"]
[Board "4"]
[White "Pitamber, Sachin Dhilan"]
[Black "Miswadah, Baha"]
[Result "0-1"]
[WhiteElo "1719"]
[BlackElo "1957"]
[PlyCount "106"]
[EventDate "2024.09.11"]
[WhiteTeam "Guyana"]
[BlackTeam "Palestine"]
[WhiteTeamCountry "GUY"]
[BlackTeamCountry "PLE"]

1. e4 c5 2. Nc3 g6 3. Nf3 Bg7 4. d4 cxd4 5. Nxd4 Nc6 6. Be3 Nf6 7. Be2 O-O 8. Qd2 d5 9. Nxc6 bxc6 10. Rd1 Bb7 ({RR} 10... Qc7 11. Bh6 dxe4 12. Bxg7 Kxg7 13. h3 Bb7 14. O-O Rad8 15. Qe3 Qb6 16. Na4 Qxe3 17. fxe3 Nd5 18. Kf2 f5 19. Nc5 Bc8 20. c4 Nb6 21. b4 Kf6 22. Kg3 Ke5 23. a4 Rd6 24. a5 Nd7 25. Nb3 {0-1 Viennot,D (2149)-Stets,D (2426) Vaujany op 3rd 2012 (6)}) ({RR} 10... Qc7 11. exd5 cxd5 12. Nxd5 Nxd5 13. Qxd5 Be6 14. Qc5 Qxc5 15. Bxc5 Bxb2 16. Bxe7 Rfe8 17. Bg5 Bxa2 18. Be3 Bc3+ 19. Kf1 a5 20. Bd4 Bxd4 21. Rxd4 Rab8 22. Rd1 a4 23. Ra1 Rb1+ 24. Rxb1 Bxb1 25. Bb5 {0-1 Soboleva,L (1068)-Sippola,S (1531) FIN-ch (Women) 2022 (8)}) 11. e5 Nd7 12. h4 $146 ({RR} 12. f4 e6 13. O-O Qe7 14. Ne4 c5 15. Nd6 Bc6 16. Bf3 Rad8 17. Qa5 Nxe5 18. fxe5 Bxe5 19. Nc4 Bxh2+ 20. Kxh2 Qh4+ 21. Kg1 Qxc4 22. Bh6 Rfe8 23. Qc7 {1-0 Fuchs,G (2220)-Ramroth,S (1940) Wattens op 10th 1995}) ({RR} 12. f4 f6 13. exf6 Rxf6 14. Ne4 Re6 15. Ng5 Rd6 16. Bg4 Nf8 17. Bc5 Rf6 18. Bd4 Ba6 19. Kf2 Qb8 20. Bxf6 exf6 21. Nh3 f5 22. Be2 Qxb2 23. Bxa6 Qb6+ 24. Kg3 Qxa6 25. Qb4 Qxa2 26. Qb7 Re8 {0-1 Kostadinovic,U (1876)-Tadic,S (2235) SRB-ch U14 Kragujevac 2019 (5)}) 12... Nxe5 13. h5 Nd7 14. hxg6 fxg6 15. Bh6 Rf7 16. Bg4 Nf8 17. Bxg7 Rxg7 18. Ne4 Qb6 19. Ng5 Qxb2 20. Be6+ Nxe6 21. Nxe6 Rf7 22. Qe3 Rf5 23. Nd4 Rf7 24. Qe6 Qb4+ 25. Kf1 Qd6 26. Rb1 Ba6+ 27. Kg1 c5 28. Rxh7 Qxe6 29. Nxe6 Rxh7 30. Nc7 Rc8 31. Nxa6 e6 32. Rb5 c4 33. Nc5 Re7 34. f4 Kf7 35. Nb7 Kf6 36. g4 Rb8 37. g5+ Kg7 38. Nd6 Rxb5 39. Nxb5 a6 40. Nd4 Kf7 41. Nf3 Rb7 42. Ne5+ Kg7 43. Nf3 Rb2 44. Nd4 Kf7 45. Kf2 Rxa2 46. Ke2 a5 47. Kd2 Ra1 48. Kc3 Rf1 49. Nc6 Rf3+ 50. Kb2 Rxf4 51. Nxa5 Rf5 52. Nb7 Rxg5 53. Nd6+ Ke7 0-1

[Event "45th Olympiad 2024"]
[Site "Budapest HUN"]
[Date "2024.09.14"]
[Round "4.66"]
[Board "1"]
[White "Stratonowitsch, Andre"]
[Black "Birhanu, Tegegn Mehadem"]
[Result "1/2-1/2"]
[WhiteElo "2154"]
[BlackElo "2077"]
[PlyCount "63"]
[EventDate "2024.09.11"]
[WhiteTeam "Seychelles"]
[BlackTeam "Ethiopia"]
[WhiteTeamCountry "SEY"]
[BlackTeamCountry "ETH"]

1. e4 c5 2. Nf3 d6 3. d4 cxd4 4. Nxd4 Nf6 5. Bb5+ Bd7 6. c4 Nc6 7. Nc3 g6 8. O-O ({RR} 8. h3 Nxd4 9. Bxd7+ Qxd7 10. Qxd4 Bg7 11. Be3 O-O 12. Qd3 Qc6 13. Bd4 a6 14. Nd5 Nxd5 15. exd5 Qd7 16. Bxg7 Kxg7 17. O-O b5 18. b4 Qf5 19. Qe2 bxc4 20. Qxc4 Rfc8 21. Qd4+ Qf6 22. Qe4 Rc3 {½-½ Nepomniachtchi,I (2773)-Vachier Lagrave,M (2750) Bucharest Superbet Classic 2022 (5)}) ({RR} 8. h3 Nxd4 9. Bxd7+ Qxd7 10. Qxd4 Bg7 11. Be3 O-O 12. Qd3 Qc6 13. Bd4 a6 14. Nd5 Nxd5 15. exd5 Qd7 16. Bxg7 Kxg7 17. O-O b5 18. Rac1 Rac8 19. Rfe1 Kg8 20. Qd4 Rfe8 21. Re3 e5 22. dxe6 Rxe6 {½-½ Siddharth,J (2516)-Wang,S (2427) 30th Abu Dhabi Masters 2024 (8.22)}) 8... Bg7 9. Nxc6 $146 ({RR} 9. Nc2 a6 10. Bxc6 Bxc6 11. Re1 O-O 12. Nb4 Rc8 13. Bg5 Qb6 14. Nbd5 Bxd5 15. Nxd5 Nxd5 16. cxd5 Qxb2 17. Bxe7 Qxa1 18. Qxa1 Bxa1 19. Bxf8 Bc3 {0-1 Lees,D-Green,B British CF-56 Championship 1969 (1)}) ({RR} 9. h3 Nxd4 10. Qxd4 O-O 11. Bxd7 Nxd7 12. Qe3 Rc8 13. Qxa7 Bxc3 14. bxc3 Nc5 15. Rb1 Rc6 16. Qa3 Qd7 17. e5 dxe5 18. Be3 Nd3 19. Qa7 Rc7 20. Rb6 f5 21. Bh6 Rfc8 22. Rfb1 Nc5 23. Be3 Ne6 {1-0 Bilych,O (2417)-Sargsyan,S (2315) Wch U18 Mamaia 2022 (10)}) 9... Bxc6 10. Bxc6+ bxc6 11. Be3 O-O 12. h3 Qc8 13. Rc1 c5 14. Qd2 Qb7 15. Rfe1 Rab8 16. b3 Rfd8 17. Bg5 a6 18. Re2 Rd7 19. Rce1 Ne8 20. Nd5 e6 21. Nc3 Qb4 22. Rc1 Rbb7 23. Be3 Nf6 24. Bh6 Bh8 25. Bf4 Nh5 26. Bg5 Bd4 27. Be3 Bg7 28. Bh6 Bh8 29. Bg5 Bd4 30. Be3 Bg7 31. Bg5 Bd4 32. Be3 1/2-1/2

[Event "45th Olympiad 2024"]
[Site "Budapest HUN"]
[Date "2024.09.14"]
[Round "4.66"]
[Board "2"]
[White "Tsige, Addisalem Temesgen"]
[Black "Meier, Peter"]
[Result "1-0"]
[WhiteElo "2068"]
[BlackElo "2062"]
[PlyCount "115"]
[EventDate "2024.09.11"]
[WhiteTeam "Ethiopia"]
[BlackTeam "Seychelles"]
[WhiteTeamCountry "ETH"]
[BlackTeamCountry "SEY"]

1. d4 {Stohl,Igor} ({RR} 1. e4 c6 2. d4 d5 3. exd5 cxd5 4. Bd3 Nc6 5. c3 Nf6 6. Bf4 Bg4 7. Qb3 Qd7 8. Nd2 e6 9. Ngf3 Bxf3 10. Nxf3 Bd6 11. Bxd6 Qxd6) 1... d5 2. Bf4 Nf6 3. e3 c5 ({RR} 3... e6 4. Nf3 c5 5. c3 Nc6 6. Nbd2 Bd6 ({RR} 6... Be7 7. Bd3 Nh5 8. Be5 Nxe5 9. Nxe5 Nf6 10. O-O O-O 11. f4 g6 12. Rf3 Ne8 13. Rh3 f5 14. g4 Nf6 15. g5 Ne4 16. Qe1 Nxd2 17. Qh4 Nf3+ 18. Rxf3 Bd6 19. Rh3 Qc7 20. Nxg6 hxg6 21. dxc5) 7. Bg3 O-O 8. Bd3 ({RR} 8. Bb5 a6 9. Bxc6 bxc6 10. Ne5 Qc7 11. Nd3 c4 12. Bxd6 Qxd6 13. Nc5 e5 14. b3 cxb3 15. axb3 Re8 16. O-O Ng4 17. g3 Qh6 18. h4 Ra7 19. Kg2 Rae7 20. Nf3 e4 21. Nh2 Nxh2 22. Kxh2 g5) 8... b6 9. e4 ({RR} 9. Ne5 Bb7 10. f4 Ne7 11. Qb1 ({RR} 11. Qc2 c4 12. Be2 Nf5 13. Bf2 Be7 14. Ng4 Nxg4 15. Bxg4 Nd6 16. f5 exf5 17. Bxf5 Nxf5 18. Qxf5 Qc8 19. Qf3 b5 20. h4 a5 21. h5 h6 22. Bh4 Re8 23. Nf1 Qe6 24. Kf2 Bf8) 11... g6 12. Bf2 cxd4 13. exd4 Nh5 14. g3 f6 15. Nef3 Qc8 16. O-O Ba6 17. Re1 Ng7 18. Kg2 Rb8 19. a3 Re8 20. Qc2 Bxd3 21. Qxd3 Qd7 22. Re2 a5 23. Rae1 a4) 9... dxe4 ({RR} 9... Be7 10. e5 Nh5 11. a3 a5 12. Qe2 Ra7 ({RR} 12... c4 13. Bc2 b5 14. Ng5 Bxg5 15. Qxh5 g6 16. Qe2 f5 17. exf6 Qxf6 18. h4 Bf4 19. Bxf4 Qxf4 20. g3 Qf6 21. f4 Ra7 22. Nf3 h6 23. Ne5 Nxe5 24. dxe5 Qg7 25. Qg4 Rd8 26. O-O-O b4 27. Qxg6) 13. O-O c4 14. Bc2 b5 15. h4 g6 16. Bh2 Bxh4 17. g4 Ng7 18. Nxh4 Qxh4 19. Kg2 f5 20. exf6 Qxf6 21. Bd6 Rff7 22. f4 e5 23. dxe5 Qh4 24. f5) 10. Nxe4 Nxe4 11. Bxe4 Bb7 12. Qa4 Qc7 13. dxc5 bxc5 14. Qc4 ({RR} 14. Bxd6 Qxd6 15. Rd1 Qc7 16. O-O Rfd8 17. Qb5 Na5 18. Bxb7) 14... Rad8 15. Qxc5 f5 16. Bc2 f4 17. Bxh7+ Kxh7 18. Qh5+) 4. c3 ({RR} 4. dxc5 Nc6 ({RR} 4... e6 5. b4 Nc6 6. Bb5 Bd7 7. c3 a5 8. Qb3 ({RR} 8. Qe2 axb4 9. Bxc6 Bxc6 10. cxb4 d4 11. Nf3 Nd5 12. O-O dxe3 13. Bg5 Be7 14. Bxe7 Qxe7 15. Qc4 Qf6 16. Nd4 e2 17. Re1 Nxb4 ({RR} 17... Nf4) 18. Nd2 O-O 19. Nxc6 Nxc6 20. Ne4 Qb2 21. Qxe2 Qxe2 22. Rxe2 Ra4) 8... Ne4 9. Ne2 ({RR} 9. f3 e5 10. fxe4 exf4 11. Ne2 ({RR} 11. exd5 Qh4+ 12. Kd1 Qf2 13. Ne2 O-O-O 14. exf4 Bg4 15. Re1 Ne7 16. d6 Nf5 17. d7+ Kb8 18. Kd2 Ne3 19. Qxf7 Bxd7 20. Bxd7 Kc7) 11... Qh4+ 12. g3 fxg3 13. Nxg3 dxe4 14. O-O Be6 15. Qa4 Rc8 16. Nd2 Be7 17. Bc4 O-O 18. Bxe6 fxe6 19. Ndxe4 Ne5 20. Qd1 axb4 21. cxb4 Rxf1+ 22. Qxf1 Ra8 23. Qe2 Bg5) 9... g5 10. Bxc6 Bxc6 ({RR} 10... bxc6 11. Be5 f6 12. Bg3 Bg7) 11. Be5 f6 12. Bg3 ({RR} 12. Bd4) 12... h5 ({RR} 12... axb4 13. cxb4 b6) 13. f3 h4 14. fxe4 ({RR} 14. Bf2) 14... hxg3 15. Nxg3 Qc7 16. O-O O-O-O ({RR} 16... Qh7) 17. Nd2 Be7 18. Nf3 g4 ({RR} 18... Rxh2 19. Nxh2 Qxg3 20. Rf3) 19. Nd4) ({RR} 4... Qa5+ 5. Nc3 Qxc5 6. Nb5 Na6 7. Nf3 Bd7 8. a4 g6 9. Be5 Bg7 10. Bd4 Qb4+ 11. c3 Qa5 12. Nxa7 O-O 13. Nb5 Bg4 14. Be2 Nb8 15. Bxf6 Bxf6 16. Qxd5 Nc6 17. O-O Rad8 18. Qa2 Qb6 19. b4) 5. Bb5 Qa5+ 6. Nc3 a6 7. Bxc6+ bxc6 8. Nf3 ({RR} 8. Qd4 e6 9. b4 Qa3 10. Nge2 a5 11. Rb1 axb4 12. Rxb4 Ba6 13. O-O Bxe2 14. Nxe2 Be7 15. Bd6 Bxd6 16. cxd6 O-O 17. Ng3 Rfc8 18. Qd2 Rd8 19. e4 dxe4 20. c4 Qxa2 21. Qxa2 Rxa2 22. Rb6 h5) 8... Ne4 ({RR} 8... e6 9. O-O Bd7 10. a3 Qxc5 11. Na4 Qa7 12. c4 Be7 13. Rc1 Rc8 14. cxd5 cxd5 15. Rxc8+ Bxc8 16. Qd4 Qxd4 17. exd4 Bd7 18. Nb6 Bd8 19. Nxd7 Nxd7 20. Rc1 f6 21. Rc6 Kf7 22. Rxa6) 9. Qd4 Nxc3 10. bxc3 f6 11. O-O e5 12. Bxe5 fxe5 13. Qxe5+ Kf7 14. Ng5+ Kg8 15. Qe8 ({RR} 15. Ne6 Bd7 16. Nxf8 Rxf8) 15... Qc7 16. Ne6 Bxe6 17. Qxe6+ Qf7 18. Qxc6 Ra7) 4... Nc6 5. Nd2 cxd4 ({RR} 5... Bf5 6. Qb3 ({RR} 6. Ngf3 Qb6 7. Qb3 c4 8. Qxb6 axb6 9. a3 h6 10. Be2 b5 11. O-O e6 12. Ne5 Nxe5 13. dxe5 Nd7 14. Nf3 Bg4 15. Nd4 Bxe2 16. Nxe2 Nc5 17. Nd4 Ra5 18. Bg3 Be7 19. f3 O-O 20. Rad1 Nd3) 6... Qd7 7. Ngf3 c4 8. Qd1 e6 9. Be2 ({RR} 9. h3 h6 10. Be2 Bd6 11. O-O O-O 12. b3 b5 13. a4 a6 14. b4 Qc7 15. Bxd6 Qxd6 16. Qc1 Nd7 17. Qb2 Nb6 18. Bd1 Rfb8 19. a5 Nd7 20. Bc2 Bxc2 21. Qxc2 e5 22. dxe5 Ndxe5 23. Rad1 Nd3) 9... h6 10. O-O Bd6 ({RR} 10... Be7 11. Ne5 Nxe5 12. Bxe5 O-O 13. Bf3 b5 14. a3 a5 15. Re1 Ne4 16. Bxe4 dxe4 17. a4 Rfc8 18. axb5 Qxb5 19. Qa4 Qd5 20. Bg3 h5 21. h3 h4 22. Bh2 f6 23. f3 Qb7 24. Qc2 exf3 25. e4) 11. b3 ({RR} 11. Bxd6 Qxd6) 11... Bxf4 12. exf4 cxb3 13. axb3 O-O 14. Ne5 Qc7 15. Qc1 Rfc8 16. Qb2 a6 17. h3 Qb6 18. Rfc1 Rc7 19. Bf1 Rac8 20. Nd3) 6. exd4 Bf5 7. Ngf3 e6 8. Qb3 Qc8 9. Nh4 ({RR} 9. Ne5 Be7 10. Be2 O-O 11. O-O Nxe5 12. Bxe5 Nd7 13. Bg3 Nb8 14. a4 Nc6 15. a5 a6 16. Qa4 Qd7 17. b4 e5 18. dxe5 d4) ({RR} 9. Be2 h6 10. h3 Be7 11. O-O O-O 12. Rfe1 Bd8 ({RR} 12... a6 13. a4 Nd7 14. Bf1 Re8 15. Rac1 Na5 16. Qa2 Nb6 17. b4 Nac4 18. a5 Nxd2 19. Nxd2 Nd7 20. Nb3 Nb8 21. Nc5) 13. a4 Bc7) 9... Be4 ({RR} 9... Bg6 10. Nxg6 hxg6 11. h3 Be7 12. Bd3 Bd8 13. Nf3 Bc7 14. Be3 O-O 15. Qc2 a6 16. h4 e5 17. dxe5 Nxe5 18. Nxe5 Bxe5 19. O-O-O Re8 20. Kb1 b5 21. Bg5 Ne4 22. Bc1 b4 23. Bxe4 dxe4 24. cxb4) 10. Nxe4 dxe4 ({RR} 10... Nxe4 11. Nf3 Bd6 12. Bxd6 ({RR} 12. Bg3 Nxg3 13. hxg3 Qc7 14. Bd3 h6 15. g4 O-O-O 16. Kf1 Kb8 17. a4 Rhe8 18. a5 Nxa5 19. Qa4 Nc6 20. b4 Qb6 21. g3 e5 22. b5 Nxd4 23. cxd4 e4) 12... Nxd6 13. Bd3 Qc7 ({RR} 13... O-O 14. Qc2 h6 15. g4 ({RR} 15. O-O-O b5) 15... Re8 16. O-O-O b5) 14. Qc2 ({RR} 14. O-O O-O 15. Qc2 h6 ({RR} 15... g6 16. Rfe1 b5 17. Qd2 Kg7 18. Ne5 Nxe5 19. Rxe5 Rab8 20. h4 Qd8 21. h5 Qf6 22. Rae1 Nc4 23. Bxc4 bxc4 24. R1e3 Rb6 25. Rf3 Qe7 26. Rh3 Rh8 27. Qe2 Rhb8 28. Qe3 Qf6 29. Rf3 Qh4 30. Rh3) 16. Qe2 Rab8 17. a4 ({RR} 17. b4 Ne7 18. Rac1 Nec8 19. Bb1 Nc4 20. Qd3 g6 21. Qe2 N8d6 22. h4 Rfe8 23. Ne5 Nxe5 24. dxe5 Nc4 25. Rfe1 h5) 17... Rbe8 18. Ne5 Nxe5 19. Qxe5 ({RR} 19. dxe5 Nc4) 19... Re7) 14... O-O-O ({RR} 14... h6) 15. O-O h6 16. a4 Kb8 17. Rfe1 ({RR} 17. a5 Nxa5 18. Qa4 ({RR} 18. Ra4 Nc6 19. Rfa1) 18... b6) 17... Rc8 18. Qd1 ({RR} 18. Qe2 g5 ({RR} 18... Rhe8)) 18... Rhe8 ({RR} 18... g5 19. Ne5 h5 20. Qf3 Nxe5 21. dxe5 ({RR} 21. Rxe5 Qd8) 21... Nc4 22. Bxc4 dxc4 23. Rad1) 19. Bf1 Re7 ({RR} 19... f6) 20. Rc1 Rd8 ({RR} 20... g5) 21. Re2 ({RR} 21. b4 g5 22. Nd2) 21... Ne4 ({RR} 21... g5) 22. b4 Ng5 ({RR} 22... g5 23. b5 g4 ({RR} 23... Na5 24. c4) 24. Nd2 Nxd2 25. Qxd2 Na5 26. Qxh6) ({RR} 22... f5 23. b5 Na5) 23. Ne1 e5 ({RR} 23... f6 24. a5 ({RR} 24. Nd3 e5 25. a5 e4 26. Nc5 f5 27. Ra2) 24... e5 25. a6 b6 26. Nc2) 24. b5 Na5 25. Rxe5 {1-0 Carlsen,M (2850)-Wojtaszek,R (2748) EU-chT (Men) 20th 2015 (9.1)}) ({RR} 10... Nxe4 11. Nf3 Bd6 12. Bxd6 Nxd6 13. Bd3 Qc7 14. a4 h6 15. O-O g5 16. Rfe1 O-O-O 17. a5 Kb8 18. a6 b6 19. Ne5 Nxe5 20. dxe5 Nc8 21. c4 dxc4 22. Bxc4 Ne7 23. Rac1 Rc8 24. Qf3 Ng6 25. Qe4 {½-½ Hambleton,A (2420)-Timerkhanov,A (2311) Titled Tue 21st May Early 2024 (11)}) 11. g3 Be7 12. Ng2 O-O 13. Bg5 $146 ({RR} 13. Be2 Nd5 14. Bd2 Qd7 15. f3 exf3 16. Bxf3 Na5 17. Qc2 Nc4 18. O-O {½-½ Sedlak,N (2581)-Perunovic,M (2618) HUN-chT 1314 2013 (5)}) ({RR} 13. Be2 h6 14. O-O {½-½ Pikula,D (2457)-Golubov,S (2501) Djenovici TS11 2017 (8)}) 13... Nd5 14. Bxe7 Ncxe7 15. c4 Nf6 16. Ne3 Rd8 17. Rd1 Nc6 18. Qc3 Qc7 19. Bg2 e5 20. d5 Nd4 21. Nc2 Nxd5 22. cxd5 Nxc2+ 23. Kf1 Qxc3 24. bxc3 f5 25. g4 Rac8 26. gxf5 Rxc3 27. Bxe4 Nd4 28. Kg2 Ne2 29. Rhe1 Nf4+ 30. Kf1 Kf7 31. Re3 Rc5 32. d6 Rd7 33. Bxb7 Kf6 34. Be4 g6 35. fxg6 hxg6 36. Bf3 Rc2 37. Bg4 Rd8 38. a3 Rc6 39. d7 Ne6 40. Red3 Ke7 41. Rh3 Rf8 42. Bxe6 Rxe6 43. Rh7+ Kd8 44. Rb1 Rb6 45. Rc1 Rb8 46. Ke2 e4 47. Ke3 a5 48. Kxe4 a4 49. f4 g5 50. Rc8+ Rxc8 51. dxc8=Q+ Kxc8 52. fxg5 Re8+ 53. Kf5 Rf8+ 54. Ke6 Rf3 55. g6 Rf2 56. Rh8+ Kc7 57. g7 Re2+ 58. Kd5 1-0

[Event "45th Olympiad 2024"]
[Site "Budapest HUN"]
[Date "2024.09.14"]
[Round "4.66"]
[Board "3"]
[White "Pillay, Ragul"]
[Black "Kebede, Yoseph Kifle"]
[Result "0-1"]
[WhiteElo "1633"]
[BlackElo "2037"]
[PlyCount "100"]
[EventDate "2024.09.11"]
[WhiteTeam "Seychelles"]
[BlackTeam "Ethiopia"]
[WhiteTeamCountry "SEY"]
[BlackTeamCountry "ETH"]

1. d4 d5 2. c4 e6 3. Nc3 a6 4. a4 Nc6 5. Nf3 dxc4 6. e4 Na5 7. Ne5 Nb3 8. Rb1 Qxd4 9. Qxd4 Nxd4 10. Bxc4 Ne7 $146 ({RR} 10... Nf6 11. O-O Bd7 12. Rd1 Bc5 13. Nxd7 Nxd7 14. b4 Ba7 15. Bb2 Ne5 16. Bf1 O-O-O 17. b5 a5 18. h3 Nb3 19. Nd5 exd5 20. Bxe5 Nc5 21. Bxg7 Rhg8 22. Bf6 Rde8 23. exd5 Nxa4 24. Ra1 Nc5 25. Rxa5 {0-1 Rose,F (2091)-Aarav,D (2359) Titled Tue 14th Feb Early 2023 (2)}) 11. O-O Nec6 12. Bf4 Bd6 13. Nxc6 Nxc6 14. Bxd6 cxd6 15. Rfd1 Ke7 16. b4 Ne5 17. Be2 g5 18. Rd2 b6 19. Rc1 Rd8 20. Nd1 Bb7 21. f3 Rdc8 22. Rb1 Rc7 23. Ne3 Rac8 24. Kf2 Rc1 25. Rbb2 Ra1 26. a5 b5 27. Rd4 Nc6 28. Rd3 Ne5 29. Rd4 Nc6 30. Rd3 Ra4 31. Nc2 Ne5 32. Rd4 d5 33. exd5 Bxd5 34. Ne3 Bb7 35. Bf1 Rd8 36. Rxd8 Kxd8 37. Nc2 Bd5 38. h3 Ra2 39. Rxa2 Bxa2 40. Nd4 Kc7 41. Ke3 Nc6 42. Nxc6 Kxc6 43. Kd4 Kd6 44. Bd3 h5 45. Be2 h4 46. Bd3 f5 47. Ke3 Ke5 48. Bc2 Bc4 49. Kf2 f4 50. Be4 Bd5 0-1